00658nam a2200157Ia 4500008004100000020002200041050002500063100002200088245005600110260003300166300002400199650005600223952010200279952010200381999001700483121101s9999 xx 000 0 und d a978-607-7686-69-9 aQA 76.9 D26 P47 2010 aPérez, César. aDomine Microsoft SQL Server 2008 / César Pérez. aMéxico : Alfaomega / Ra-Ma a678 p. :il. ;24 cm. a1. MICROSOFT SQL SERVER (ARCHIVO DE COMPUTADORA)Ì 00104070a12b12d2010-10-27l0oQA 76.9 D26 P47 2010p12 003866r2015-04-22t1w2012-11-01yLB 00104070a12b12d2010-10-27l0oQA 76.9 D26 P47 2010p12 003867r2015-04-22t2w2012-11-01yLB c87055d87055